Languages By Alphabet - Latin - Statistics

General Stats
  • This quiz has been taken 141 times
  • The average score is 10 of 25
Answer Stats
Alphabet Language % Correct
English
99%
ÄÖÜäöüß German
66%
ÁÉÍÑÓÚÜáéíñóúü ¡¿ Spanish
64%
ÆØÅæøå Danish
62%
ćęłńóśźż Polish
61%
Norwegian
60%
ÅÄÖåäö Swedish
58%
ÁÉÍÓÚÂÊÔÀãõçáéíóúâêôà Portuguese
57%
ÁÐÉÍÓÚÝÞÆÖáðéíóúýþæö Icelandic
54%
ÇĞİÖŞÜğçıöşü Turkish
51%
ÀÂÆÇÉÈÊËÎÏÔŒÙÛÜŸàâæçéèêëîïôœùûüÿ French
48%
ĂÂÎȘȚăâîșț Romanian
48%
ÄÖäö Finnish
46%
ÀÉÈÌÒÙàéèìòù Italian
41%
àèéëïij Dutch
38%
ÁÉÍÓÖŐÚÜŰáéíóöőúüű Hungarian
36%
ÄÖÕÜäöõü Estonian
33%
ÀÇÉÈÍÓÒÚÜÏàçéèíóòúüï Catalan
24%
ÂÊÎÔÛŴŶÁÉÍÏâêîôûŵŷáéíï Welsh
24%
Malay
19%
ABCDEFGHIJKLMNOPQRSTUVWXYZ (base) Indonesian
17%
ÇÊÎŞÛçêîşû Kurdish
11%
Swahili
10%
Zulu
9%
áêéèëïíîôóúû Afrikaans
8%
No matching quizzes found
Score Distribution
Percent of People with Each Score
Percentile by Number Answered
Your Score History
You have not taken this quiz